000 03911cam a22003731 4500
999 _c129735
_d129735
001 276125
003 ARRUPE
005 20190821102712.0
008 731030q19001953enkac b 000 0 engd
010 _aa 53007988
020 _a0876681356
040 _aDLC
_cDLC
_dDLC
041 1 _aengger
050 0 0 _aBF173
_b.F6253
082 0 0 _a131.3462
100 1 _aFreud, Sigmund,
_d1856-1939.
_947884
240 1 0 _aWorks.
_lEnglish.
_f1953
245 1 4 _aThe standard edition of the complete psychological works of Sigmund Freud.
_cTranslated from the German under the general editorship of James Strachey, in collaboration with Anna Freud, assisted by Alix Strachey and Alan Tyson.
260 _aLondon,
_bHogarth Press
_c[1953-74]
300 _a24 v.
_billus., ports.
_c22 cm.
500 _aMissing Vols. 18 and 20
650 0 _aPsychoanalysis.
_947885
700 1 _aStrachey, James,
_eed.
_947886
700 1 _aFreud, Anna,
_d1895-1982,
_eed.
_947887
700 1 _aRothgeb, Carrie Lee,
_d1925-
_eed.
_947888
700 1 _aRichards, Angela.
_947889
710 2 _aScientific Literature Corporation.
_947890
906 _a7
_bcbc
_corignew
_du
_encip
_f19
_gy-gencatlg
942 _2lcc
_cMONOGRAPH